Online
Catalog

Las diabólicas / (Record no. 3820)

MARC details
000 -CABECERA
campo de control de longitud fija 00663nam a2200205 a 4500
001 - NÚMERO DE CONTROL
campo de control 000004001
005 - FECHA Y HORA DE LA ÚLTIMA TRANSACCIÓN
campo de control 20200929150647.0
008 - DATOS DE LONGITUD FIJA--INFORMACIÓN GENERAL
campo de control de longitud fija 760528s1975 sp b 001 1 spa
020 ## - NÚMERO INTERNACIONAL ESTÁNDAR DEL LIBRO
Número Internacional Estándar del Libro 8402041868
040 ## - FUENTE DE LA CATALOGACIÓN
Centro catalogador/agencia de origen DO-SdBNP
Lengua de catalogación spa
Centro/agencia transcriptor BNPHU
082 ## - NÚMERO DE LA CLASIFICACIÓN DECIMAL DEWEY
Número de clasificación 840
Número de documento/Ítem B235d
100 1# - ENTRADA PRINCIPAL--NOMBRE DE PERSONA
Nombre de persona Barbey d'Aurevilly, J.
Forma completa/desarrollada del nombre (Jules),
Fechas asociadas al nombre 1808-1889.
9 (RLIN) 11979
240 14 - TÍTULO UNIFORME
Título uniforme Les diaboliques.
Lenguaje de la obra Español
245 14 - MENCIÓN DE TÍTULO
Título Las diabólicas /
Mención de responsabilidad, etc. Barbey d'Aurevilly; traductor, Julio C. Acerete.
260 ## - PUBLICACIÓN, DISTRIBUCIÓN, ETC.
Lugar de publicación, distribución, etc. Barcelona :
Nombre del editor, distribuidor, etc. Bruguera,
Fecha de publicación, distribución, etc. 1975.
300 ## - DESCRIPCIÓN FÍSICA
Extensión 333 p. ;
Dimensiones 18 cm.
534 ## - NOTA SOBRE LA VERSIÓN ORIGINAL
Encabezamiento principal del original Título original:
Mención de título del original Les diaboliques.
650 #4 - PUNTO DE ACCESO ADICIONAL DE MATERIA--TÉRMINO DE MATERIA
Término de materia o nombre geográfico como elemento de entrada Literatura francesa
9 (RLIN) 1074
700 1# - PUNTO DE ACCESO ADICIONAL--NOMBRE DE PERSONA
Nombre de persona Acerete, Julio C.,
Término indicativo de función/relación tr.
9 (RLIN) 11980
Holdings
Estado de retiro Estado de pérdida Restricciones de uso No para préstamo Código de colección Localización permanente Ubicación/localización actual Ubicación en estantería Fecha de adquisición Número de inventario Total de préstamos Signatura topográfica completa Código de barras Fecha visto por última vez Precio válido a partir de Tipo de ítem Koha Número de copia
      Excluido de préstamo Monografías: Libros y Folletos General General Depósito 15.07.2009 LF1   840 B235d 4001-10 25.06.2020 25.06.2020 No se presta  
      Excluido de préstamo Monografías: Libros y Folletos General General Depósito 12.05.2014 LF1   840 B235d 4001-20 25.06.2020 25.06.2020 No se presta e. 2

Powered by Koha